OPAC Home

Gastric and Duodenal Ulcer (Record no. 237864)

MARC details
000 -LEADER
fixed length control field 00599nam a22001937a 4500
003 - CONTROL NUMBER IDENTIFIER
control field LK-CoDNM
005 - DATE AND TIME OF LATEST TRANSACTION
control field 20250205160103.0
008 - FIXED-LENGTH DATA ELEMENTS--GENERAL INFORMATION
fixed length control field 250205b |||||||| |||| 00| 0 eng d
040 ## - CATALOGING SOURCE
Original cataloging agency LK-CoDNM
Modifying agency LK-CoDNM
Description conventions LK-CoDNM
041 ## - LANGUAGE CODE
Language code of text/sound track or separate title English
080 ## - UNIVERSAL DECIMAL CLASSIFICATION NUMBER
Universal Decimal Classification number 71
942 ## - ADDED ENTRY ELEMENTS (KOHA)
Koha item type Books
100 ## - MAIN ENTRY--PERSONAL NAME
Personal name Hurst, Arthur F.
110 ## - MAIN ENTRY--CORPORATE NAME
Corporate name or jurisdiction name as entry element Stewart, Matthew J
245 ## - TITLE STATEMENT
Title Gastric and Duodenal Ulcer
260 ## - PUBLICATION, DISTRIBUTION, ETC. (IMPRINT)
Place of publication, distribution, etc. London, Edinburgh, Glasgow, Leipzig, New York, Toronto, Melbourne, Capetown, Bombay, Calcutta, madras, Shanghai
Name of publisher, distributor, etc. Oxford University Press
Date of publication, distribution, etc. 1929
300 ## - PHYSICAL DESCRIPTION
Extent xvii, 544p. : ill ; 25 cm
650 ## - SUBJECT ADDED ENTRY--TOPICAL TERM
Topical term or geographic name as entry element Science
Holdings
Withdrawn status Lost status Damaged status Not for loan Collection code Permanent Location Current Location Shelving location Date acquired Full call number Barcode Koha item type
    Damaged   Science Library National Museum Colombo - Sri Lanka Library National Museum Colombo - Sri Lanka Reference 2025-02-05 71 OS3051 Books
Copyright © 2023 Department of National Museum, Colombo 07, Sri Lanka Funded by UNESCO IFAP UNESCO